Bulharsko v životě a práci lidu v minulosti a nyní /

Hlavní autor: Stránská, Drahomíra, 1899-1964
Další autoři: Hynková, Hana, 1921-2004
Jazyk: Čeština
Vydáno: Praha : Ministerstvo informací a osvěty, 1950
Témata:
Fyzický popis: 43+(1) s., 9 il. příl.
Knihy
Uloženo v:
LEADER 00948nam a22002412a 4500
001 000175197
003 CZ BrMZK
005 20140821212111.0
008 010907s1950 xr af f cze d
015 |a cnb000678113 
035 |a (OCoLC)85437521 
040 |a BOA001  |b cze 
100 1 |a Stránská, Drahomíra,  |d 1899-1964  |7 jk01121344 
245 1 0 |a Bulharsko v životě a práci lidu v minulosti a nyní /  |c Drahomíra Stránská a Hana Hynková. 
260 |a Praha :  |b Ministerstvo informací a osvěty,  |c 1950 
300 |a 43+(1) s., 9 il. příl. 
700 1 |a Hynková, Hana,  |d 1921-2004  |7 jk01043455 
910 |a BOA001  |b PK-I-0032.569  |b X-0259.986 
920 |a 000156225 
964 |a Bulharsko současné - život - ukázky 
990 |a BK 
996 6 |b 2619951093  |c X-0259.986  |l MZK  |r Sklad / do 24 hodin  |n 6  |w 000175197  |u 000020  |a 1  |e BOA001  |j MZK50  |s P 
996 7 |b 3119944429  |c PK-I-0032.569  |l MZK  |r Sklad / do 1 hodiny  |n 3  |w 000175197  |u 000010  |a 1  |e BOA001  |j MZK50  |s A